| 000 | 01213nam a2200277Ia 4500 | ||
|---|---|---|---|
| 001 | 937-TAC pu an (7600) | ||
| 003 | IT-MiSPE | ||
| 008 | 171229s9999||||xx |||||||||||||| ||und|| | ||
| 040 |
_aIT-MiSPE _cIT-MiSPE |
||
| 041 | _aITALIANO | ||
| 100 | _aPublio Cornelio Tacito | ||
| 240 | _aAnnales: Ab excessu divi Augusti | ||
| 245 | 0 |
_aAnnali _bDalla morte del divo Augusto |
|
| 250 | _a1a ed. (v) | ||
| 260 |
_aMilano _bRusconi _c1978 |
||
| 300 |
_a741 p. _c22 cm |
||
| 490 |
_aI classici di storia: Sez. greco-romana _v26 |
||
| 500 | _aRoma - Storia antica | ||
| 501 | _aEdizioni San Paolo srl - Piazza Soncino, 5 - 20092 CINISELLO BALSAMO (MI) (non commercial uses only) ® Copyright 2018 | ||
| 520 | _aMatilde Caltabiano (intr., note, bibl.). Tav., cart. geo. | ||
| 700 |
_aEnrico Oddone _g(traduzione) |
||
| 700 | _aMatilde Caltabiano | ||
| 942 | _cBK | ||
| 957 | _71 | ||
| 999 |
_a19309 _bNO _g Copie: 1 _c356727 _d356727 |
||